000 00813nam a22002297a 4500
001 19752
003 BD-RjUL
005 20211209000455.0
008 170130s1956 ii ||||| |||| 00| 0 ben d
020 _c: TK 5.00
035 _a(BD-RjUL)19813
040 _aBD-RjUL
_bben
_cBD-RjUL
041 _aben
082 _223
_a813
_bFAS 1956
100 _aফাস্ট, হাওয়ার্ড
_9178152
245 1 0 _aস্পার্টাকাস /
_cহাওয়ার্ড ফাস্ট
260 _aকলিকাতা :
_bন্যাশনাল বুক এজেন্সি,
_c১৯৫৬
300 _a৩৩০ পৃ. ;
_c২১ সেমি.
650 _aআমেরিকান উপন্যাস
_9170427
650 _aAmerican Fiction
_9185644
942 _2ddc
_cBK
999 _c19752
_d19752